Statistics for Italy European Championships squads 1968-2021

Click here to take the quiz!

General Stats

  • This quiz has been taken 387 times
    (194 since last reset)
  • The average score is 73 of 171

Answer Stats

Answer% Correct
Gianluigi Buffon
93%
Giorgio Chiellini
91%
Leonardo Bonucci
86%
Gianluigi Donnarumma
84%
Paolo Maldini
84%
Andrea Pirlo
83%
Ciro Immobile
82%
Francesco Totti
82%
Alessandro Del Piero
81%
Daniele De Rossi
79%
Federico Chiesa
79%
Jorginho
79%
Mario Balotelli
79%
Enrico Chiesa
78%
Marco Verratti
78%
Fabio Cannavaro
77%
Lorenzo Insigne
74%
Salvatore Sirigu
74%
Dino Zoff
71%
Filippo Inzaghi
71%
Gennaro Gattuso
71%
Nicolò Barella
70%
Alessandro Nesta
69%
Christian Vieri
69%
Gianluca Zambrotta
69%
Lido Vieri
69%
Andrea Barzagli
68%
Dino Baggio
68%
Franco Baresi
68%
Giovanni Di Lorenzo
68%
Giuseppe Baresi
68%
Graziano Pellè
65%
Luca Toni
65%
Antonio Di Natale
64%
Claudio Marchisio
64%
Leonardo Spinazzola
63%
Marco Materazzi
63%
Andrea Belotti
62%
Mattia De Sciglio
61%
Mauro Camoranesi
60%
Antonio Cassano
59%
Fabio Grosso
59%
Manuel Locatelli
57%
Éder
56%
Francesco Toldo
56%
Gianfranco Zola
56%
Simone Zaza
56%
Alessandro Florenzi
54%
Fabio Quagliarella
54%
Bryan Cristante
53%
Domenico Berardi
53%
Federico Bernardeschi
53%
Alessandro Bastoni
52%
Massimo Ambrosini
52%
Roberto Mancini
52%
Thiago Motta
52%
Walter Zenga
52%
Alessandro Costacurta
51%
Antonio Conte
51%
Emerson Palmieri
51%
Ignazio Abate
51%
Matteo Darmian
51%
Riccardo Montolivo
51%
Stephan El Shaarawy
50%
Carlo Ancelotti
49%
Christian Panucci
49%
Francesco Acerbi
49%
Gianluca Vialli
48%
Simone Perrotta
48%
Christian Abbiati
47%
Emanuele Giaccherini
47%
Alex Meret
46%
Angelo Peruzzi
46%
Matteo Pessina
46%
Rafael Tolói
46%
Alberto Aquilani
44%
Antonio Candreva
44%
Demetrio Albertini
44%
Marco Tardelli
44%
Angelo Ogbonna
43%
Luigi Di Biagio
43%
Marco Delvecchio
43%
Giuseppe Bergomi
42%
Luigi Riva
42%
Massimo Oddo
42%
Roberto Di Matteo
42%
Angelo Di Livio
41%
Marco Amelia
41%
Marco Parolo
41%
Roberto Donadoni
41%
Ciro Ferrara
40%
Vincenzo Montella
40%
Alessandro Altobelli
39%
Gaetano Scirea
39%
Giacomo Raspadori
39%
Christian Maggio
38%
Morgan De Sanctis
38%
Antonio Cabrini
36%
Claudio Gentile
36%
Cristiano Zanetti
36%
Giacinto Facchetti
36%
Gianni Rivera
36%
Fernando De Napoli
35%
Alessandro Diamanti
34%
Antonio Nocerino
34%
Gaetano Castrovilli
34%
Gianluca Pessotto
34%
Marco Di Vaio
34%
Pierluigi Casiraghi
34%
Sebastian Giovinco
34%
Federico Balzaretti
33%
Stefano Fiore
33%
Francesco Graziani
31%
Giuseppe Giannini
31%
Luigi Apolloni
31%
Mark Iuliano
31%
Roberto Bettega
31%
Sandro Mazzola
31%
Stefano Sturaro
31%
Diego Fuser
29%
Fabio Borini
29%
Giancarlo Antognoni
29%
Giovanni Galli
29%
Luca Bucci
29%
Luigi De Agostini
29%
Matteo Ferrari
29%
Riccardo Ferri
29%
Franco Causio
28%
Gabriele Oriali
28%
Moreno Torricelli
27%
Fabrizio Ravanelli
26%
Federico Marchetti
26%
Fulvio Collovati
26%
Alessandro Gamberini
25%
Francesco Antonioli
24%
Luca Fusi
24%
Roberto Mussi
24%
Marco Borriello
23%
Romeo Benetti
23%
Bernardo Corradi
22%
Stefano Tacconi
22%
Amedeo Carboni
21%
Giovanni Francini
20%
Giuseppe Favalli
20%
Ivano Bordon
20%
Renato Zaccarelli
20%
Paolo Negro
17%
Mauro Bellugi
16%
Ruggiero Rizzitelli
15%
Francesco Romano
14%
Roberto Cravero
14%
Roberto Pruzzo
14%
Enrico Albertosi
12%
Fabio Rossitto
12%
Aldo Maldera
11%
Ruben Buriani
10%
Tarcisio Burgnich
10%
Giancarlo De Sisti
8%
Angelo Domenghini
7%
Antonio Juliano
6%
Giacomo Bulgarelli
6%
Pierino Prati
6%
Roberto Rosato
6%
Pietro Anastasi
5%
Sandro Salvadore
5%
Giovanni Lodetti
4%
Aristide Guarneri
3%
Giorgio Ferrini
2%
Angelo Anquilletti
1%
Ernesto Castano
1%
Giancarlo Bercellino
1%

Score Distribution

Percentile by Number Answered

Percent of People with Each Score

Your Score History

You have not taken this quiz since the last reset